00434nam a2200145Ia 45000010005000000080041000050200041000460820024000871000030001112450078001412600021002195900007002409010026002479990015002732180241024s9999 xx 000 0 und d a978-9945-8613-5-8/ 978-9945-8613-6-5 aRD/323.3/P438c/v.22 aPedro Andres Perez Cabral 0aLa Comunidad Mulata El caso Socio-político de la República Dominicana bEd. Búhoc2008 asi a9/3/2012 9:58:34 a.m. c9786d9786